Statistics for My name is Smith!

Click here to take the quiz!

General Stats

  • This quiz has been taken 13 times
  • The average score is 2 of 30

Answer Stats

LanguageLocal "Smith"% Correct
EnglishSmith
92%
GermanSchmid
69%
YiddishSchmidt
54%
Dutch (Southern)De Smet, Smeets...
8%
Turkish, AzeriDemirci, Dəmirçi
0%
LatinFaber
0%
RomanianFeraru, Fieraru
0%
ItalianFerraro, Fabbri...
0%
PortugueseFerreiro, Ferreira
0%
CornishGoff, Angove...
0%
ArabicHaddad
0%
SpanishHerrero, Herrera
0%
LatvianKalējs
0%
LithuanianKalvaitis, Kavaliauskas...
0%
BulgarianKovachev
0%
Balkans...Kovačić, Kovačev...
0%
HungarianKovács
0%
UkrainianKovalenko, Kovalchuk...
0%
CzechKovář
0%
PolishKowalski, Kowalczyk...
0%
RussianKuznetsov, Kovalyov...
0%
FrenchLefebvre, Favre...
0%
Hindi, PunjabiLohar
0%
*Irish, *ScottishMcGowan, MacGouren...
0%
AlbanianNallbani
0%
EstonianSepp
0%
FinnishSeppä, Seppälä...
0%
GreekSideras
0%
ScandinavianSmed
0%
PersianZargar
0%

Score Distribution

Percentile by Number Answered

Percent of People with Each Score

Your Score History

You have not taken this quiz